1379 1868 1897 1834 1721 1102 1629 1655 1706 1367 1625 1335 1935 1066 1802 1571 1119 1169 1977 1624 1015 1567 1932 1329 1841 1549 1464 1160 1881 1148 1994 1863 1159 1129 1035 1834 1480 1696 1622 1049 1723 1929 1484 1585 1317 1046 1453 1423 1942 1748 1306 1029 1982 1198 1751 1066 1847 1661 1084 1694 1979 1712 1650 1043 1687 1570 1372 1779 1324 1958 1224 1549 1018 1401 1455 1505 1836 1865 1351 1077 1699 1030 1245 1426 1787 1645 1407 1082 1404 1529 1579 1291 1251 1901 1063 1639 1625 1835 1480 BCNSPRNW ULIB Ver.6.0+V

เปลี่ยนเป็นภาษาไทย

Change to English
 แสดงรายละเอียดบรรณานุกรม
  กลับหน้าหลัก

Brief Record : Get Marc (ISO 2709) : E-mail record : QR code < ปิดหน้าต่าง
LEADER : 00000nam 2200000uu 4500
001    13399115045
003     ULIB
008    120705s2541||||th 000 0 tha d
020    ^a9789742463417
060  4 ^aW13^bว579พ 2541
100 0  ^aวิทย์ เที่ยงบูรณธรรม
245 10 ^aพจนานุกรมแพทยศาสตร์ 1 =^bMedical Dictionary 1/^cวิทย์ เที่ยงบูรณธรรม
246 31 ^aMedical Dictionary 1
260    ^aกรุงเทพฯ :^bอักษรพิทยา,^c2541
300    ^a1,289 หน้า
650  7 ^aศัพท์การแพทย์
650  7 ^aแพทย์^xพจนานุกรม
945    ^p995^l0^i13553
945    ^p995^l0^i13552
995    ^aกัณชพร
999    ^aใช้งานได้ทุกระบบ
รายการนี้ยังไม่มีแท็ก
คุณยังไม่ได้ล็อกอิน คุณสามารถมีกิจกรรมร่วมกับเว็บไซต์ได้ แต่ต้องล็อกอินก่อน ::
  ล็อกอิน

รายการสื่อสารสนเทศ

ลำดับที่ ประเภท เลขเรียก/บาร์โค้ด สถานที่ สถานะ
- ไม่พบข้อมูล -

รายการใกล้เคียง
    ผู้แต่ง [วิทย์ เที่ยงบูรณธรรม]

    หัวเรื่อง [ศัพท์การแพทย์]

BibComment


ยังไม่เคยถูกคอมเมนท์

คอมเมนท์ทรัพยากรรายการนี้
  คอมเมนท์: พจนานุกรมแพทยศาส..


 Copyright 2026. Bcnsprnw @Library